A validation study of the Detroit tests of learning aptitude-primary : second edition (Record no. 61693)

MARC details
000 -CABECERA
campo de control de longitud fija 00604nam a2200217 a 4500
005 - FECHA Y HORA DE LA ÚLTIMA TRANSACCIÓN
campo de control 20210219152824.0
008 - ELEMENTOS DE LONGITUD FIJA--INFORMACIÓN GENERAL
campo de control de longitud fija 991125n 000 0 eng u
035 ## - NÚMERO DE CONTROL DEL SISTEMA
Número de control de sistema UPN01000062378
100 ## - ASIENTO PRINCIPAL--NOMBRE PERSONAL
Nombre de persona Dunn, Caroline
222 ## - TÍTULO CLAVE
Título clave DIAGNOSTIQUE
245 ## - MENCIÓN DE TÍTULO
Título A validation study of the Detroit tests of learning aptitude-primary : second edition
300 ## - DESCRIPCIÓN FÍSICA
Extensión 266-272
362 ## - FECHAS DE PUBLICACIÓN Y/O DESIGNACIÓN SECUENCIAL
Fecha de publicación y/o designación secuencial 1992 17, no. 4
653 0# - TERMINO DE INDIZACION - NO CONTROLADO
Término no controlado PRUEBA COGNITIVA
653 0# - TERMINO DE INDIZACION - NO CONTROLADO
Término no controlado PRUEBAS DE APTITUD
653 0# - TERMINO DE INDIZACION - NO CONTROLADO
Término no controlado PRUEBAS DE VALIDACION
700 ## - ASIENTO SECUNDARIO--NOMBRE DE PERSONAL
Nombre de persona McGhee, Ron
700 ## - ASIENTO SECUNDARIO--NOMBRE DE PERSONAL
Nombre de persona Bryant, Brian R.
904 ## - ELEMENTOS DE DATOS D LOCAL, LDD (RLIN)
a AC
b 000189
905 ## - TIPO DE MATERIAL
Tipo de material Articulo

No items available.